=LDR 00000nam 2200000 4500 =001 INLIS000000000010241 =005 20200605023202 =035 ##$$a 0010-061300000010241 =008 200605################g##########0#ind## =041 ##$$a Ind =082 ##$$a 2x4.1 =090 ##$$a 2x4.1, Lab u =100 #$$a Labib, Ust. MZ =245 1#$$a Untuk apa manusia diciptakan /$c Uts. Labib Mz. =260 ##$$a Surabaya :$b Bintang usaha jaya,$c 2002 =300 ##$$a 304 hlm, ; $c 14 x 21 cm =650 #4$$a Ibadah =850 ##$$a NBPNMAT =084 ##$$a 2x4.1 LAB u =990 ##$$a 0001/BPAP-NTB/2016 =990 ##$$a 1036187